000 00405nam a2200133Ia 4500
008 211109s9999||||xx |||||||||||||| ||und||
082 _a894.8124
_bDEE-P
100 _aDeeci,
245 0 _aPatram Pusthakam Upadesiyum (humorous Essays)
260 _bDC Books
_aKottayam
_c1989
630 _xGENERAL STACK
650 _aMalayalam literature
_vMalayalam essays
_xLiterature & rhetoricMalayalam
942 _cBOOK
999 _c44967
_d44967